The mystery at Lilac Inn / (Record no. 14464)
[ view plain ]
| 000 -LEADER | |
|---|---|
| fixed length control field | 01196cam a2200373 a 4500 |
| 003 - CONTROL NUMBER IDENTIFIER | |
| control field | OCoLC |
| 005 - DATE AND TIME OF LATEST TRANSACTION | |
| control field | 20241220110416.0 |
| 008 - FIXED-LENGTH DATA ELEMENTS--GENERAL INFORMATION | |
| fixed length control field | 770921s1961 nyua j 000 1 eng d |
| 001 - CONTROL NUMBER | |
| control field | ocm03283962 |
| 019 ## - | |
| -- | 769930 |
| -- | 3268912 |
| 020 ## - INTERNATIONAL STANDARD BOOK NUMBER | |
| International Standard Book Number | 0448095041 |
| 020 ## - INTERNATIONAL STANDARD BOOK NUMBER | |
| International Standard Book Number | 0448195046 (lib. ed.) |
| 035 ## - SYSTEM CONTROL NUMBER | |
| System control number | (Sirsi) i9780448095042 |
| 040 ## - CATALOGING SOURCE | |
| Original cataloging agency | FEM |
| Transcribing agency | FEM |
| Modifying agency | OCO |
| -- | OCL |
| -- | UMC |
| -- | OCL |
| -- | JRS |
| 049 ## - LOCAL HOLDINGS (OCLC) | |
| Holding library | JRSA |
| 090 ## - LOCALLY ASSIGNED LC-TYPE CALL NUMBER (OCLC); LOCAL CALL NUMBER (OCLC) | |
| Classification number (OCLC) (R) ; Classification number, CALL (RLIN) (NR) | PS3537.T817 |
| Local cutter number (OCLC) ; Book number/undivided call number, CALL (RLIN) | M978 1961 |
| 099 ## - LOCAL FREE-TEXT CALL NUMBER (OCLC) | |
| Classification number | J fic JM Keene |
| 082 ## - DEWEY DECIMAL CLASSIFICATION NUMBER | |
| Classification number | KEENE |
| 092 ## - LOCALLY ASSIGNED DEWEY CALL NUMBER (OCLC) | |
| Classification number | KEENE |
| 100 1# - MAIN ENTRY--PERSONAL NAME | |
| Personal name | Keene, Carolyn. |
| 9 (RLIN) | 8990 |
| 245 14 - TITLE STATEMENT | |
| Title | The mystery at Lilac Inn / |
| Statement of responsibility, etc | by Carolyn Keene. |
| 260 ## - PUBLICATION, DISTRIBUTION, ETC. (IMPRINT) | |
| Place of publication, distribution, etc | New York : |
| Name of publisher, distributor, etc | Grosset & Dunlap, |
| Date of publication, distribution, etc | c1961. |
| 300 ## - PHYSICAL DESCRIPTION | |
| Extent | 180 p. : |
| Other physical details | ill. ; |
| Dimensions | 20 cm. |
| 490 1# - SERIES STATEMENT | |
| Series statement | Nancy Drew mystery stories ; |
| Volume number/sequential designation | 4 |
| 650 #0 - SUBJECT ADDED ENTRY--TOPICAL TERM | |
| Topical term or geographic name as entry element | Drew, Nancy (Fictitious character) |
| Form subdivision | Juvenile fiction. |
| 9 (RLIN) | 6143283 |
| 650 #0 - SUBJECT ADDED ENTRY--TOPICAL TERM | |
| Topical term or geographic name as entry element | Adventure and adventurers |
| Form subdivision | Juvenile fiction. |
| 9 (RLIN) | 5674482 |
| 650 #0 - SUBJECT ADDED ENTRY--TOPICAL TERM | |
| Topical term or geographic name as entry element | Women detectives |
| Form subdivision | Juvenile fiction. |
| 9 (RLIN) | 5717990 |
| 650 #1 - SUBJECT ADDED ENTRY--TOPICAL TERM | |
| Topical term or geographic name as entry element | Mystery fiction |
| Form subdivision | Fiction. |
| 9 (RLIN) | 6490796 |
| 655 #7 - INDEX TERM--GENRE/FORM | |
| Genre/form data or focus term | Mystery fiction. |
| Source of term | gsafd |
| 9 (RLIN) | 6109887 |
| 800 1# - SERIES ADDED ENTRY--PERSONAL NAME | |
| Personal name | Keene, Carolyn. |
| Title of a work | Nancy Drew mystery stories; |
| Volume/sequential designation | 4. |
| 9 (RLIN) | 20509 |
| 942 ## - ADDED ENTRY ELEMENTS (KOHA) | |
| Koha item type | BOOK |
| 979 ## - | |
| -- | 324742 |
| 998 ## - LOCAL CONTROL INFORMATION (RLIN) | |
| -- | a28558 |
| Withdrawn status | Lost status | Source of classification or shelving scheme | Damaged status | Not for loan | Collection code | Home library | Current library | Shelving location | Date acquired | Source of acquisition | Serial Enumeration / chronology | Total Checkouts | Total Renewals | Full call number | Barcode | Checked out | Date last seen | Date checked out | Cost, replacement price | Price effective from | Koha item type |
|---|---|---|---|---|---|---|---|---|---|---|---|---|---|---|---|---|---|---|---|---|---|
| Dewey Decimal Classification | Junior Fiction | Wasatch County Library | Wasatch County Library | Main Floor Junior Area | 03/09/2022 | Donation | #4 Nancy Drew | 15 | 13 | J Keene | 34301001838384 | 05/05/2026 | 03/09/2026 | 03/09/2026 | 5.99 | 03/09/2022 | BOOK |
